000
00301nam a22001337a 4500
008
170424b xxu||||| |||| 00| 0 eng d
020
_a
9780323044370
041
_a
eng
080
_2
2ND
_a
577
100
_a
12
101
_a
SHM
245
_a
RAPID REVIEW BIOCHEMISTRY
_c
PELLEY, J.W
942
_2
udc
_c
BK
999
_c
11763
_d
11763